[Event "EU-ch 5th"]
[Site "Antalya"]
[Date "2004.05.18"]
[Round "4"]
[White "Macieja, Bartlomiej"]
[Black "Halkias, Stelios"]
[Result "1/2-1/2"]
[WhiteElo "2633"]
[BlackElo "2541"]
[Annotator "Golod,V"]
[PlyCount "118"]
[EventDate "2004.05.15"]
[EventType "swiss"]
[EventRounds "13"]
[EventCountry "TUR"]
[SourceTitle "CBM 101"]
[Source "ChessBase"]
[SourceDate "2004.07.27"]
[SourceVersion "1"]
[SourceVersionDate "2004.07.27"]
[SourceQuality "1"]

1. e4 c5 2. Nf3 Nc6 3. Nc3 e6 4. d4 cxd4 5. Nxd4 Nf6 6. Nxc6 bxc6 7. e5 Nd5 8.
Ne4 Qa5+ 9. Bd2 (9. c3 $5 {You can see my comments to Brodsky,M-Beshukov,S/
Krasnodar,1999/CBM 75(0-1)(63)}) 9... Qb6 ({The main line is:} 9... Qc7 {
[%csl Re5] For further details,you can see my comments to Tseshkovsky,
V-Beshukov,S/Krasnodar,1999/CBM 75(1-0)(42)}) 10. c4 Qxb2 $1 {This natural
looking move is almost a novelty! It was checked only once in previous games.}
(10... Qd4 $143 11. Nd6+ Bxd6 12. exd6 Nf6 (12... Qe5+ $5 13. Be2 Nf4 14. Bxf4
Qxf4 15. Qd2 Qxd2+ 16. Kxd2 $14) 13. Bc3 Qxd1+ 14. Rxd1 c5 15. h4 {+/=/+/-
Svidler,P-Lautier,J/Cannes,2001(1/2-1/2)(102)}) 11. cxd5 $146 (11. f4 $2 Qd4
12. Qb1 f5 $1 (12... Nb4 $6 13. Bc3 Qe3+ 14. Be2 Rb8 15. Rf1 (15. Bd2 Qd4 16.
Bc3 Qe3 $11) 15... Na6 $13 {Claus,C-Amura,C/Santiago,1990(1/2-1/2)(40)}) 13.
cxd5 fxe4 14. d6 e3 15. Ba5 Qxf4 $17) ({Leads to favourable simplifications
for Black:} 11. Nd6+ Bxd6 12. exd6 Qe5+ 13. Be2 Nc3 14. f4 Qd4 15. Bxc3 Qxc3+
16. Kf2 $15) 11... Qxe5 12. Bd3 cxd5 ({Of course not:} 12... exd5 $2 13. Bc3
Qe7 14. O-O dxe4 15. Bxe4 {[%csl Re7,Re8][%cal Gf1e1]} d5 16. Qa4 $1 Qc5 (16...
Bd7 $143 17. Bf5 $1 Rc8 (17... Rb8 18. Bxd7+ Qxd7 19. Rfe1+ Kd8 20. Rac1 {
[%csl Rc6][%cal Gc3a5]}) (17... Qd6 18. Bxd7+ Kxd7 19. Rab1 {<->b;><b7}) 18.
Bxd7+ Qxd7 19. Rfe1+ Kd8 20. Ba5+ Rc7 21. Rab1 $18) 17. Rac1 $1 Bd7 (17... Be6
18. Bd3 {[%cal Yd3b5] protecting square "b5" from Qb5.} Rc8 19. Bxg7 Qxc1 20.
Rxc1 Bxg7 21. Rxc6 $16) 18. Bxg7 Qa3 19. Qd4 Bxg7 20. Qxg7 Rf8 21. Bxh7 O-O-O
22. Qd4 $16) 13. f4 Qd4 14. Nf2 $13 Bc5 15. Rf1 e5 $5 {[%csl Re1]} 16. fxe5 ({
Too dangerous is to allow to Black to create strong center after e4:} 16. Be2
e4 17. Ng4 d6 {[%csl Gd5,Gd6,Ge4]} 18. Bb5+ Kf8 $36) 16... O-O 17. Rc1 ({
Deserved serious attention:} 17. Be2 $5 {[%cal Yf2d3]} d6 $140 18. Ba5 ({
Of course not:} 18. exd6 $2 Re8 19. d7 Bxd7 20. Rb1 Rxe2+ 21. Qxe2 Re8 $19)
18... Qxe5 (18... dxe5 $143 19. Qxd4 Bxd4 20. Rc1 Bf5 21. Kd2 Rfc8 22. Nd3 $32
{White's advantage is small but steady. His aim is to exchange one of the
bishops and then attack the Black's pawns in the center.}) 19. Nd3 Qxh2 20.
Nxc5 Qh4+ 21. Rf2 dxc5 22. Qxd5 {Although Black has a full material
compensation for a piece,his position very dangerous. All White's pieces
developed well while Black's pawn on c5 is weak.The only way to keep equality
is:} Qh1+ $1 (22... Rb8 23. Qh5 Qe4 24. Kf1 $16 {[%csl Re4][%cal Ya1e1,Yf1g1]})
(22... Bg4 23. Bxg4 Qxg4 (23... Qh1+ 24. Rf1 Qh4+ 25. Kd2 Qxg4 26. Rxf7 $1 Rxf7
27. Qxa8+ Rf8 28. Qd5+ Kh8 29. Rf1 $1 $18) 24. Kf1 (24. Rxf7 $2 Rae8+ 25. Re7+
Kh8 26. Rxe8 Rxe8+ 27. Kf2 Qe2+ 28. Kg1 Qe3+ 29. Kh2 Qh6+ 30. Kg1 Qe3+ $11)
24... Rac8 25. Rc1 $16) 23. Bf1 Bg4 $1 (23... Re8+ 24. Kd2 Be6 25. Qg5 $16 {
[%csl Rd8,Rg7,Rh1][%cal Ya5d8,Ga5c3,Gc3g7]}) 24. Qg5 Rae8+ $1 ({Of course not:
} 24... Rfe8+ $4 25. Kd2 Qg1 26. Qf4 Bh5 27. Rb1 $18 {[%cal Yf1d3]}) 25. Kd2
Qg1 26. Qxc5 Rd8+ 27. Bxd8 Rxd8+ 28. Ke1 Re8+ 29. Kd2 Rd8+ $11 30. Ke3 Qh2 {
[%cal Gh2g3]} 31. Rf3 Qg1+ 32. Rf2 $11) 17... d6 ({It was dubiously:} 17... Re8
$2 {in view of:} 18. Qg4 Qxg4 19. Nxg4 d6 20. Ne3 Rxe5 21. Kf2 $16 {[%csl Rd5,
Rd6]}) 18. Qc2 ({Hardly it was better:} 18. Qh5 g6 19. Qf3 dxe5 20. Be2 $13)
18... Qxe5+ 19. Kd1 Qxh2 $6 (19... h6 $142 {[%csl Rd1,Rh2][%cal Ge5h2]} 20. h3
Qg3 21. Ng4 Bxg4+ 22. hxg4 Qxg4+ 23. Be2 Qxg2 $15 {Black has five (!!) pawns
for a piece and White's king is still weak, though Black's advantage is clear.}
) 20. Rh1 Bg4+ 21. Be2 (21. Ke1 $143 Qe5+ 22. Kf1 f5 $15) 21... Bxe2+ 22. Kxe2
({Unfortunately,does not works:} 22. Ke1 $2 Rfe8 23. Rxh2 Bd3+ 24. Kd1 Bxc2+
25. Rxc2 Bxf2 $19) 22... Qe5+ 23. Kf1 h6 24. Rh3 (24. Qd3 $5 {><e2} Rae8) 24...
Rfe8 25. Qd3 Re6 26. Rf3 {[%csl Rd5][%cal Yf3f5]} Rae8 27. g3 (27. Rf5 $144 {
Obviously against:} Qh2 (27... Qb2 28. Qc2 Qd4 {[%csl Re2][%cal Ge6e2]} 29. Qd3
) 28. Qh3 (28. Rxd5 $4 Bxf2 29. Kxf2 $140 Re2+ 30. Qxe2 Rxe2+ 31. Kxe2 Qxg2+ {
[%csl Rd5,Re2]}) (28. Qxd5 $4 Bxf2 $19 {[%cal Ge6e2,Gh2h1]}) 28... Qxh3 29.
Nxh3 g6 30. Rf3 Re2 31. Re1 Rxe1+ 32. Bxe1 $11) 27... Qh5 28. Qf5 Qxf5 29. Rxf5
Re2 30. Re1 Rxe1+ (30... R2e5 31. Rf3 $11) 31. Bxe1 $11 {After queens exchange,
it became clear that the position has strong drawish tendencys.} Re3 32. Nd1 ({
Another way to achieve the equality was:} 32. Rxd5 Rxg3 33. Nd3 Rf3+ 34. Ke2
Rh3 (34... Re3+ 35. Kf1 Rf3+ $11) 35. Nxc5 dxc5 36. Rxc5 Ra3 $11) 32... Ra3 33.
Nc3 (33. Rxd5 Rxa2 34. Nc3 {[%cal Gc3e4]} Ra1 35. Ke2 $11) 33... d4 34. Ne4 Bb6
(34... Rxa2 $144 35. Nxc5 g6 36. Rd5 dxc5 37. Rxc5 {[%csl Rd4][%cal Gc5d5,
Ge1f2]} f5 38. Rd5 Kf7 39. Rxd4 $11) 35. Nxd6 Rxa2 36. Rd5 ({Really dubious
move is:} 36. Rxf7 $2 Bc5 37. Rd7 Ra1 {[%csl Re1,Rf1]} 38. Rd8+ Kh7 39. Nc4 Bb4
40. Re8 h5 41. Kf2 Bxe1+ 42. Rxe1 Rxe1 43. Kxe1 Kg6 $19 {[%cal Gg6f5] and
white's knight unable to stop three leading pawns.}) 36... Ra4 37. Nf5 ({
I would prefer:} 37. Bf2) ({or} 37. Nc8) 37... Rc4 38. Bf2 a5 39. Bxd4 Bxd4 40.
Nxd4 a4 41. Ne2 g5 42. Kf2 Kg7 43. Kf3 Kg6 44. g4 {[%cal Ge2g3,Gg3f5] Drawn
game is inevitable.} f6 45. Rd6 Rb4 46. Ra6 Rb3+ (46... h5 47. gxh5+ Kxh5 48.
Rxf6 g4+ 49. Kf2 $11) 47. Kf2 a3 48. Ng3 Rb2+ 49. Ke3 a2 50. Ne2 (50. Nh5 $5 {
[%csl Rg6]} Rb3+ 51. Ke2 Rb2+ 52. Kd3 a1=Q $1 53. Rxa1 Rb4 54. Ra6 Rxg4 55.
Nxf6 Rh4 $11) 50... Rb4 51. Nd4 Rb2 52. Ne2 h5 53. gxh5+ Kxh5 54. Nc1 f5 55.
Rxa2 Rxa2 56. Nxa2 Kg4 57. Kf2 f4 58. Nc3 Kf5 59. Ne2 Ke5 1/2-1/2

[Event "Asia-ch"]
[Site "Kolkata"]
[Date "2001.08.15"]
[Round "9"]
[White "Zhang, Pengxiang"]
[Black "Antonio, Rogelio Jr"]
[Result "1-0"]
[WhiteElo "2487"]
[BlackElo "2535"]
[Annotator "Golod,V"]
[PlyCount "89"]
[EventDate "2001.08.09"]
[EventType "swiss"]
[EventRounds "11"]
[EventCountry "IND"]
[SourceTitle "CBM 085"]
[Source "ChessBase"]
[SourceDate "2001.11.13"]
[SourceVersion "1"]
[SourceVersionDate "2001.11.13"]
[SourceQuality "1"]

1. e4 c5 2. Nc3 Nc6 3. Nf3 e6 4. d4 cxd4 5. Nxd4 Nf6 6. Nxc6 bxc6 7. e5 Nd5 8.
Ne4 f5 {[%mdl 4] Besides this move,black has three principales alternatives:} (
8... Qc7 $5 {See comments to Azarov,S-Greenfeld,A/Ohrid,2001/CBM 84(0-1)   
(Golod,V)(51)}) (8... Qa5+ {See comments to Brodsky,M-Beshukov,S/Krasnodar,
1999/CBM 75(0-1) (Golod,V)(63)}) ({and} 8... Bb7 $5 {See comments to Macieja,
B-Czebe,A/Ohrid,2001/CBM 84(1-0) (Golod,V) (35)}) 9. exf6 {It's best reaction.
Now white has a slight,but constant positional advantage (BB) in the
middlegame and endgame.} (9. Nd6+ $143 Bxd6 10. exd6 $13) 9... Nxf6 10. Nd6+
Bxd6 11. Qxd6 Qb6 $5 ({Is a possible continuation of the play:} 11... Qa5+) (
11... Qe7) ({and} 11... Ba6) 12. Bd3 c5 {[%csl Gb6]} ({Pretty dubiously:} 12...
Ba6 {in view of:} 13. Be3 $1 Qxb2 14. Bd4 Qb7 15. c4 $1 {[%csl Gd3,Gd4]} Qb8
16. Qa3 Bc8 17. O-O d6 18. Qa5 Qb7 19. c5 d5 20. Be5 O-O 21. Rab1 Qd7 22. Rb4
Qd8 23. Qa4 a5 24. Rh4 $40 {Nataf,I-Lautier,J/France,1996(1-0)(51)}) 13. Bf4 ({
Probably,a little worse is:} 13. Qg3 O-O 14. O-O Bb7 15. b3 Rae8 16. Be3 Be4 $1
17. Bxe4 Nxe4 18. Qe5 d5 19. f3 Nf6 $11 {Tischbierek,R-Faibisovich,V/Berlin,
1991(1/2-1/2)(36)}) 13... Bb7 ({Very riskyly:} 13... Qxb2 14. O-O Qd4 15. Rab1
Kf7 16. Rfd1 $14 {Koch,B-Plater,K/Miedzyzdroje,1952 (1/2-1/2)(29)}) 14. O-O Rc8
{[%cal Gc5c4]} 15. c4 $5 {[%csl Yc4]} (15. Rfe1) (15. Qxb6) ({and} 15. Rad1 {
-was checked in the previous games.}) 15... Rc6 ({Main line is:} 15... Qxd6 16.
Bxd6 Rc6 17. Be5 $14 {and so on.}) ({25 years ago were checked in practice:} 
15... Kf7 16. Rad1 Qxd6 17. Bxd6 Rhd8 18. f4 g6 19. h3 Be4 20. Be2 Rc6 21. Be5
$14 {Kurajica,B-Nicevski,R/Skopje,1976 inf.21/346 (1-0)(41)}) 16. Qb8+ (16. Qe5
O-O 17. b3 $5 (17. Rae1 $5 Qd8 18. Bg5 Ra6 19. a3 Qe7 20. Re2 Rb6 21. Rd1 Bc6
22. Bc2 Qf7 23. h3 $14 {Hort,V-Antonio,R/Biel,1991(1-0)(55)}) (17. Qe2 $143
Rcc8 18. Rad1 Qc6 {1/2-1/2 Fressinet,L-Vaisser,A/France,1999(18)}) 17... Bc8
18. Qg5 d6 19. Bd2 Rc7 20. Bc3 Qc6 21. Rae1 Rcf7 22. f4 d5 23. Be5 $14 {
Hennigan,M-Byway,P/Swansea,1995(1-0) (39)}) 16... Rc8 (16... Bc8 $6 17. Qe5 {
[%csl Rc6] and the some pieces of black are on unsuccessful positions.}) 17.
Qd6 {Sometimes it is desirable to repeat the moves.} Rc6 18. Qe5 O-O 19. Rad1
$14 {<->d(><d6) Comments to19.Rfe1!?; 19.Qe2 and a19.b3!? you cand find in
annotations to 16.Qb8+ in this game.} Qd8 $6 {Black's plan is:Qe8-f7(to
protect weakness of king side).} ({Also white save a positional advantage,
after:} 19... d5 20. Rfe1 $14) 20. f3 {[%csl Yf3][%cal Yf3e4,Yf3g4]
Prophylactic move.} Qe8 21. Bc2 $1 {[%cal Gc2a4]} Qf7 {Many moves were made by
one piece.} 22. Ba4 Ra6 $2 {[%mdl 8192]} ({Can be recommended:} 22... Rb6 $5
23. b3 (23. Qxc5 $6 Rxb2 24. Bb3 Qg6 25. Rf2 $14) 23... Rc8 24. Rd6 {+/=/+/-})
23. Bb5 $1 {[%csl Ra6,Rc5] Now to not avoid material losses.} Rxa2 $8 24. Qc3 {
[%csl Ra2][%cal Gc3b3]} d5 {It's best practical chance.} ({Losese right away:} 
24... Nd5 25. cxd5 $1 Qxf4 26. dxe6 {[%cal Ge6e7]} dxe6 $8 27. Bc4 $1 Ra4 28.
Rd7 $18 {[%csl Rb7,Rg7]} Qf6 29. Bxe6+ Kh8 30. Qxf6 gxf6 $8 31. Rxb7 $18) 25.
Qb3 Ra6 ({Weakly:} 25... Ra5 {in view of:} 26. Bd2 Ra6 27. Bxa6 Bxa6 {and now
possibly:} 28. cxd5 $1 exd5 (28... Bxf1 $143 29. dxe6 Qe7 30. Rxf1 Re8 31. Re1
$18 {[%csl Ge6]}) (28... Nxd5 29. Rfe1 $16) 29. Rfe1 $16) 26. Bxa6 Bxa6 27. Qa3
$1 {[%csl Ra6,Rc5]} ({Badly:} 27. cxd5 $2 {because of:} Nxd5 {[%csl Rf1,Rf4]}
28. Bd6 Rd8 29. Bxc5 Bxf1 30. Rxf1 {+/=/=}) 27... Bxc4 28. Rfe1 Rc8 (28... Qe7
29. b3 Bb5 30. Be3 Rc8 31. Rc1 Nd7 32. Qxa7 $16) 29. Bd6 $16 {[%csl Ra7,Rc5]
It is impossible to protect both pawns at once.} a6 ({More stubborn resistance
after:} 29... Nd7 30. Qxa7 $16) 30. Bxc5 Rb8 31. Bd4 {/^a1-h8} h6 32. Qd6 Re8
33. Re3 {[%csl Re6][%cal Gd1e1]} Qe7 $2 {[%mdl 8192] Again tactical blunder.} (
33... Qd7 $142) 34. Qxe7 Rxe7 35. b3 $1 {[%csl Yc4,Rd5][%cal Yc4d5]} Bb5 36.
Bxf6 gxf6 37. Rxd5 $18 {[%csl Re7] The rest is the matter of technics.} Kf7 38.
Rd6 f5 39. Kf2 Kf6 40. f4 {/\Kg3-h4; h3,g4 and so on.} h5 41. Kg3 Bf1 42. Re1
Bb5 $8 (42... Rg7+ $2 43. Kf2 {[%csl Re6,Rg2]} Bxg2 44. Rdxe6+ Kf7 45. Re7+ {
[%csl Rg2,Yg7]}) (42... h4+ $2 43. Kh3 Bb5 44. Kxh4) 43. Kh4 Re8 44. Re3 (44.
Kxh5 $4 Rh8#) 44... Bf1 45. Rd7 $5 {Black resigns in absolutely losing
position:} (45. Rd7 Rb8 (45... Bxg2 $2 46. Rg3 Bd5 47. Rdg7 {[%csl Rf6][%cal
Gg3g6]}) 46. Rf3 $1 (46. Rg3 $2 Rb4 {[%csl Rf4]}) 46... Bxg2 (46... Be2 47. Rf2
Bb5 48. Rh7 Bd3 49. Rb2 {[%csl Rh5]}) (46... Bb5 $2 47. Rh7 {[%csl Rh5]}) 47.
Rg3 Bc6 48. Rdg7 {[%cal Gg3g6]} Be8 $8 49. Rg8 {[%csl Re8]} Ke7 50. R3g7+ Kd6
51. Ra7 $1 $18) 1-0

[Event "EU-chT (Men) 14th"]
[Site "Plovdiv"]
[Date "2003.10.13"]
[Round "3.2"]
[White "Azarov, Sergei Nikolaevich"]
[Black "Bakalarz, Mietek"]
[Result "1-0"]
[WhiteElo "2542"]
[BlackElo "2320"]
[Annotator "Golod,V"]
[PlyCount "115"]
[EventDate "2003.10.10"]
[EventType "team-swiss"]
[EventRounds "9"]
[EventCountry "BUL"]
[SourceTitle "CBM 098"]
[Source "ChessBase"]
[SourceDate "2004.02.03"]
[SourceVersion "1"]
[SourceVersionDate "2004.02.03"]
[SourceQuality "1"]
[WhiteTeam "Belarus"]
[BlackTeam "Luxembourg"]
[WhiteTeamCountry "BLR"]
[BlackTeamCountry "LUX"]

1. e4 c5 2. Nf3 e6 3. d4 cxd4 4. Nxd4 Nf6 5. Nc3 Nc6 6. Ndb5 Bb4 7. a3 Bxc3+ 8.
Nxc3 d5 9. exd5 exd5 10. Bd3 O-O 11. O-O d4 12. Ne2 $5 {Nowadays-12.Ne4 is not
actually.See comments to Leko,P-Timman,J/Wijk aan Zee,2001/CBM 81(1/2-1/2)
(Golod,V)(52)} Qd5 $5 {Besides,was checked in the previous games:12...a6; 12...
h6; 12...Ng4; 12...Qd6; 12...Qb6;} (12... Bg4 $5 {You can comments to
Sadvakasov,D-Al Modiahki,M/Doha,2003/CBM 94(1-0)(Golod,V)(49)}) ({and} 12...
Re8 {You can see annotations to game: Bosch,J-Janssen,R/Wijk aan Zee,1999/CBM
69(1/2-1/2)(Golod,V)(37)}) 13. c4 $5 {Differently,Black quietly will finish
development and will receive convenient game.Also repeatedly were checked up
in previous games: 13.Nf4!?; 13.Bf4; 13.b4; 13.c3?!; 13.Ng3; 13.h3 and 13.Re1!?
} dxc3 {It's the most logical reaction to the previous move of White.} ({
Also once were checked in the preceding game:} 13... Qh5 14. Ng3 Qh4 15. Nf5
Bxf5 16. Bxf5 Ne8 {+/=/= Miranovic,R-Novoselski,Z/Cetinje,1992(1-0)(58)}) 14.
Nxc3 Qh5 ({On:} 14... Qa5 $5 {you can find twelve games}) ({and after:} 14...
Qd4 {you can find only one game in Mega Database 2003.}) 15. Qxh5 ({Hardly it
was better:} 15. Ne4 Qxd1 $6 (15... Qe5 $5) 16. Nxf6+ gxf6 17. Rxd1 Be6 18. Be3
{+/=/+/- Moutzouridis,G-Kalaitzidis,P/Poros,1998(1/2-1/2)(41)}) 15... Nxh5 16.
Nd5 $5 $146 ({The game,which have reached this position were continued as
follows:} 16. Be3 $5 Be6 17. Rac1 Rfd8 18. Bb5 (18. Rfd1 $5) 18... Nd4 19. Rfd1
Nb3 (19... Nxb5 $5) 20. Rxd8+ Rxd8 21. Re1 b6 22. Be2 Nf6 23. Nb5 $14 {Coenen,
N-Doeve,M/Germany,1996(1-0)(50)}) 16... Rd8 {This move is much better,than:} (
16... Be6 $6 17. Nc7 {[%csl Ra8,Re6]} Rad8 18. Nxe6 fxe6 19. Bc4 Nd4 20. Be3 {
[%csl Gc4,Ye3] +/=/+/-}) ({or} 16... Bg4 $6 17. h3 Be6 $140 (17... Rad8 $4 18.
hxg4 Rxd5 19. Be4 {[%csl Rc6,Rd5,Rh5]} Nf6 20. Bxd5 Nxd5 $18) 18. Nc7 Rad8 19.
Nxe6 fxe6 20. Bc4 Nd4 21. Be3 {[%csl Gc4,Ye3] +/=/+/-}) 17. Be4 Bf5 {It is
rather difficult to continue a game without this move.} ({Very weakly:} 17...
f5 $2 {because of:} 18. Bf3 g6 (18... Ne5 $2 19. Ne7+ Kf8 20. Bxh5 Kxe7 $140
21. Bg5+ {[%csl Rd8,Re7]}) (18... Nf6 19. Nxf6+ gxf6 20. Be3 $16) 19. Bg5 Rd6
20. Rad1 $16) 18. Bxf5 ({Leads to absolutely equality:} 18. f3 $6 Bxe4 19. fxe4
Rd6 $11 {[%cal Yd6f6,Gh5f6]}) 18... Rxd5 19. Be4 {[%csl Yc1,Ge4] White has a
more preferable position,at the expense of advantage of two bishops.} Rb5 $5 {
[%csl Rb2]} (19... Rd6 $5 {<->d; /\Nf6}) 20. Rd1 Nf6 21. Bf3 ({Absolutely
senselessly:} 21. Bxc6 $6 bxc6 $11) 21... Re8 22. Kf1 $14 {[%mdl 4096]} Ne5 (
22... a5 $143 23. Rb1 {[%csl Yb1][%cal Gc1e3,Yb1b2]}) 23. Be2 Rb3 {[%csl Ra3,
Rb2]} 24. h3 $6 {[%csl Yh3][%cal Yh3g4] /\Be3(קa7) In my opinion,this
continuation is worse,than:} (24. Rb1 $5 {[%cal Yc1f4]} a6 (24... Neg4 $6 25.
h3 Nh2+ $140 $4 26. Ke1 $18 {[%csl Rh2]}) 25. Bg5 $14) 24... Ne4 25. a4 $5 {
White keep two opportunities of development of the his Ra1.For example: a5 and
Ra4 or Bb5,Re1,Bf4 and Rad1.} (25. Be3 $6 Ng3+ {[%csl Re2,Re3]} 26. fxg3 (26.
Ke1 $2 Nxe2 27. Kxe2 Rxb2+) 26... Rxe3 27. Kf2 $11 {[%cal Yd1d2]}) 25... h6 {
[%cal Yg8h7]} ({Is a possible continuation of the play:} 25... a6 26. a5 Rb4 (
26... Nc5 $143 27. Be3 $14) 27. Ra3 $14) 26. Bb5 (26. a5 $5 {/\a6 or Ra4})
26... Re6 ({Also it deserves attention:} 26... Re7 $5 {[%csl Ye7][%cal Ye7b7]})
27. Re1 Nc5 ({Too passively,but reliably:} 27... Rb4 $5 {[%csl Yb4][%cal Yb4e4,
Ga7a6]}) 28. Be3 Ncd3 ({Can be recommended:} 28... b6 $5 29. Re2 Rb4 {+/=/=})
29. Red1 a6 30. Bxd3 $6 {The wrong decision.} (30. Rxd3 $142 $1 Rxd3 (30...
Nxd3 $2 31. Bc4 $16 {[%csl Rb3,Rd3,Re6]}) 31. Bxd3 Nxd3 {and with
rearrangement of moves we receive a position from a game.}) 30... Rxd3 $6 {
Black did not use discrepancy of the contender.It was necessary:} (30... Nxd3
$1 31. Ra3 {[%csl Rb3,Rd3]} (31. Rd2 $143 Re4 32. a5 (32. Ra3 {[%csl Rb3,Rd3]}
Rxa3 $8 33. bxa3 Ne5 {=/=/+}) 32... Reb4 {[%csl Rb2]} 33. Rad1 Nxb2 34. Rd8+
Kh7 35. R1d7 $44) 31... Rxa3 $8 32. bxa3 $11) 31. Rxd3 Nxd3 32. b3 Rc6 ({
It's necessary to improve an location of the knight:} 32... Nb4 $5 33. Rd1 (33.
Rc1 $5 {+/=/=}) 33... Nc2 34. Rd8+ Kh7 35. Bd2 Rb6 36. Rc8 Nd4 37. Be3 Rb4 $11)
33. Rd1 $2 {It's already,important mistake.} (33. Ke2 $5 Nc5 (33... Rc3 $4 34.
Kd2 Rxb3 $8 35. Kc2 {[%csl Rb3,Rd3]}) 34. b4 Ne4 35. Kd3 $14) 33... Rc3 $2 {
Again Mieczyslaw Bakalarz did not use discrepancy of the contender:} (33... Nc5
$1 {[%csl Ra4,Rb3]} 34. Bxc5 Rxc5 35. Rd8+ $140 Kh7 36. Rd7 {[%csl Rb7,Rf7]} (
36. Rb8 b5 $11) 36... b5 $1 37. Rxf7 bxa4 38. bxa4 Rc4 $1 {[%csl Ra4]} 39. a5
Rc5 $11) 34. Ke2 Ne5 {[%csl Rb3]} ({This previous White's move is directed
against:} 34... Nc5 $6 {which now considerably loses in force:} 35. Rd8+ Kh7
36. Rb8 $1 {[%csl Rb7,Yc5][%cal Ge3c5,Yc5b7]} (36. Bxc5 $2 Rxc5 37. Rd7 b5 $1
$11) 36... Nxb3 37. Rxb7 {[%csl Ra6,Ye3] +/=/+/-}) (34... Nb2 $2 {is refuted
by:} 35. Rd8+ $1 Kh7 $140 36. Kd2 {[%csl Rb2,Gd2,Ge3][%cal Ge3d4]} Rxb3 $8 37.
Kc2 Rxe3 (37... Rb4 $143 38. Bd2 Rb6 39. Rd4 $1 {[%csl Rb2][%cal Gd2c3]}) 38.
fxe3 Nxa4 39. Rd7 $16 {[%csl Rb7,Rf7]}) 35. Rd8+ Kh7 36. Bd4 Rc2+ $6 ({
Probably it was a little better:} 36... Nc6 $5 37. Bxc3 Nxd8 38. Kd3 {[%csl
Ra6,Rb7]}) ({Impossibly:} 36... Rd3 $4 {in view of:} 37. Rd6 $18 {[%csl Rd3,
Re5][%cal Ye5d3,Gd4e5]}) 37. Kd1 Nc6 $8 38. Kxc2 Nxd8 39. Kd3 {[%cal Yd3c4,
Yc4d5,Yd5d6] In comparison with 36... c6, in this position White's bishop on
point "d4", that apparently for the benefit of Sergei Azarov.} Ne6 ({Can it
was necessary to decide on the more active continuation:} 39... Kg6 $5 40. Ke4
Nc6 41. Bc3 $1 {[%csl Yc3][%cal Ge4d5,Gd5c5,Gc5b6,Yc3a5]} f6 42. Kd5 Kf5 43. b4
$1 (43. Kc5 $6 Ke4 44. Kb6 Kd3 $1 $132) 43... h5 {+/=/+/-}) 40. Be3 {[%csl Ra6,
Rb7,Ye3][%cal Ye3a7,Gd3c4,Gd3e4,Ge4d5,Gc4d5,Gd5d6,Gd6d7,Gd7c8]} f5 41. Kc4 f4
42. Bd2 Kg6 43. Kd5 Kf5 (43... Kf7 $5 44. a5 Ke7 $16) 44. g4+ $1 {The game of
White corresponds to the requirements of a position.} fxg3 (44... Kf6 45. Bc3+
Kf7 46. h4 $16 {[%csl Rf4]}) 45. fxg3 $16 h5 {The rather doubtful decision,but
is very difficult to give good advice.} ({Immediately loses a game the
following move:} 45... Ng5 $2 46. Bxg5 hxg5 (46... Kxg5 47. Kc5 $18 {[%csl Ga4,
Ra6,Rb7][%cal Gc5b6]}) 47. a5 $1 $18 {[%csl Ga5,Ra6,Rb7,Rg5,Rg7]}) 46. g4+ $1 {
[%csl Re6]} hxg4 47. hxg4+ Kf6 48. Kd6 Kf7 49. Be3 {[%csl Ye3,Re6][%cal Ye3h6,
Ye3a7] Good example of the superiority of B above N.} Kf6 (49... a5 $143 50.
Bb6 Kf6 51. Bxa5 $18 {[%csl Ya5,Re6][%cal Ya5c3]}) 50. a5 $1 g5 51. b4 Nf4 ({
After:} 51... Kf7 {White has a beautiful way to win a game:} 52. Bd2 $22 Kf6
$140 53. Bxg5+ $1 Nxg5 54. Kc7 $18 {[%csl Ga5,Ra6,Gb4,Rb7,Gg4]}) 52. Bd4+ Kf7
53. Bc5 $18 {[%csl Ra6,Yb4,Rb7,Yc5][%cal Gd6c7,Yb4c5,Yc5b4] White have broken
through a defense of the contender.Further resistance is impossible.} Ne6 54.
Kd7 {[%csl Ra6,Rb7][%cal Gd7c8]} Kf6 55. Kc8 Ke5 56. Kxb7 Kf4 57. Kxa6 Kxg4 58.
Kb6 {[%csl Yc5][%cal Ga5a6,Ga6a7,Yc5g1] Sergei Azarov perfectly carried out a
final part of a game.} 1-0